LEADER 01570nam a2200325 a 4500 001 000000173300 003 CaOOAMICUS 005 20200221144723.0 008 200221s2019 it u000 u ita r 020 $a978-88-921-1975-8* 032 $aLibriCat 040 $aPUL$bita 082 04$a320.15 100 1 $aSaporiti, Michele.$0(OLS)http://pul/name/111321 245 00$aDialettiche sovrane : $buno studio sul rapporto tra sovranità e religioni / $cMichele Saporiti. 260 $aTorino :$bG. Giappichelli,$c©2019. 300 $aXII, 200 p. ;$c24 cm 490 1 $aCollana del Dipartimento di Giurisprudenza dell'Università di Milano-Bicocca ;$v128 650 4$aSovranità.$0(OLS)http://pul/subject/18457 650 4$aReligione e stato.$0(OLS)http://pul/subject/19958 710 2 $aUniversità di Milano-Bicocca.$bDipartimento di Giurisprudenza.$0(OLS)http://pul/name/98992 830 0$aCollana del Dipartimento di Giurisprudenza dell'Università di Milano-Bicocca ;$v128.$0(OLS)http://pul/title/195106 850 $aPUL 852 $aPUL$W1$xSL Diritto e Scienze Sociali 3$y79$m320. 15 SAPMI 1$j197281$qDDC 21$B202067$CPULBib$Z2$F202067 $H133978 $82 941 1 $a9 996 $6020$a978-88-921-1975-8*$9(OLS)http://pul/number/167297 996 $6082$a320.15$9(OLS)http://pul/classification/1941 996 $6245$aDialettiche sovrane : $buno studio sul rapporto tra sovranità e religioni / $9(OLS)http://pul/title/214436 996 $6260$aTorino :$bG. Giappichelli$9(OLS)http://pul/publisher/49130 LEADER 02441nam a2200433 a 4500 001 000000105754 003 CaOOAMICUS 005 20070620105353.0 008 070620s1991 it fa 001 u ita d 020 $a88-311-9100-4 040 $aPUG$bita$dmv$dPUL$dES 041 1 $aita$alat 100 0 $aAugustinus,$cs., vesc. d'Ippona,$d354-430.$0(OLS)http://pul/name/1290 245 13$aLe Confessioni /$csant'Agostino ; testo latino dell'edizione di M. Skutella riveduto da Michele Pellegrino ; traduzione e note di Carlo Carena ; introduzione di Agostino Trapè ; indici di Franco Monteverde. 250 $a5. ed. 260 $aRoma :$bCittà Nuova,$cc1991. 300 $acxlii, 575 p., [6] c. tav. col :$bill. ;$c24 cm 490 1 $aNuova biblioteca agostiniana., Opere di sant'Agostino.$aI, Libri: opere autobiografiche ;$v1 500 $aTraduzione italiana con testo latino a fronte 500 $aIndici p. [507]-575. 500 $aSul front.: Testo latino dell'edizione maurina confrontato con il Corpus christianorum ecclesiasticorum latinorum e il Corpus christianorum latinorum 504 $aContiene riferimenti bibliografici. 700 1 $aPellegrino, Michele,$ccardinale,$d1903-1986.$0(OLS)http://pul/name/4242 700 1 $aCarena, Carlo,$d1925-2023.$0(OLS)http://pul/name/8837 700 1 $aMonteverde, Franco.$0(OLS)http://pul/name/26611 700 0 $aAugustinus,$cs., vesc. d'Ippona,$d354-430.$tConfessiones.$0(OLS)http://pul/nameTitle/253$0(OLS)http://pul/name/1290$0(OLS)http://pul/title/1903 830 0$aNuova biblioteca agostiniana.$pOpere di sant'Agostino.$nI,$pLibri: opere autobiografiche ;$v1.$0(OLS)http://pul/title/133129 850 $aPUL 852 $aPUL$W1$xSL Cons. Gen., Altre Classi 1$y1$m2000 C 1.2$j118875$qStampati$B118507$CPULBib$Z2$F118507 $H73415 $82 900 $aAgostino,$cs., vesc. d'Ippona,$d354-430$91290 900 $aAgostino, Aurelio,$cs., vesc. d'Ippona$d354-430$91290 900 $aAgostino,$cs., vesc. d'Ippona,$d354-430$91290 900 $aAgostino, Aurelio,$cs., vesc. d'Ippona$d354-430$91290 900 $aAgostino,$cs., vesc. d'Ippona,$d354-430$91290 900 $aAgostino, Aurelio,$cs., vesc. d'Ippona$d354-430$91290 941 1 $a8 996 $6020$a88-311-9100-4$9(OLS)http://pul/number/134929 996 $6245$aLe Confessioni$9(OLS)http://pul/title/109084 996 $6260$aRoma :$bCittà Nuova$9(OLS)http://pul/publisher/47927